| 000 | 00473nam a2200169Ia 4500 | ||
|---|---|---|---|
| 005 | 20250424120224.0 | ||
| 008 | 250424s9999 xx 000 0 und d | ||
| 022 | _a15964264 | ||
| 050 | _aPB 1 .A93/ | ||
| 245 | 0 | _aAwka journal of english language and literary studies | |
| 260 | _aAwka | ||
| 260 | _bAJELLS: Dept. of English, Nnamdi Azikiwe University | ||
| 260 | _c2014 | ||
| 300 | _av, 138p.; ill.; 25cm | ||
| 650 | _aPhilology, Modern--Periodicals. | ||
| 942 | _cSR | ||
| 999 |
_c38086 _d38086 |
||